000 00451nam a22001577a 4500
003 OSt
005 20241121104650.0
008 241121b |||||||| |||| 00| 0 eng d
020 _a9782702168844
040 _aMMARA-U
_beng
_cMMARA-U
_dMMARA-U
050 _aFIC PZ 7 .B463 2023
245 _a Marie-Bernadette Dupuy :
_bLe chateau des secrets /
_cby Le reve brise,
260 _aLevy :
_bCalmann,
_c2023.
300 _a484 pages ;
942 _2lcc
_cFICTION
999 _c33189
_d33186